Certification of planting material of rubber in Sri Lankan nurseries: Process, constraints and requirements (Record no. 55276)

MARC details
000 -LEADER
fixed length control field 00615nam a2200205Ia 4500
100 ## - MAIN ENTRY--AUTHOR NAME
Personal name Senevirathna A M W K
245 #0 - TITLE STATEMENT
Title Certification of planting material of rubber in Sri Lankan nurseries: Process, constraints and requirements
260 ## - PUBLICATION, DISTRIBUTION, ETC. (IMPRINT)
Name of publisher Bulletin of the Rubber Research Institute of Sri Lanka
Year of publication 2007
300 ## - PHYSICAL DESCRIPTION
Number of Pages 27-31
650 ## - SUBJECT ADDED ENTRY--TOPICAL TERM
Topical Term Planting material
650 ## - SUBJECT ADDED ENTRY--TOPICAL TERM
Topical Term Sri Lanka
700 ## - ADDED ENTRY--PERSONAL NAME
Personal name Chaminda
700 ## - ADDED ENTRY--PERSONAL NAME
Personal name de Alwis M N
700 ## - ADDED ENTRY--PERSONAL NAME
Personal name Pathirana P D
700 ## - ADDED ENTRY--PERSONAL NAME
Personal name Seneviratna P
700 ## - ADDED ENTRY--PERSONAL NAME
Personal name Weerakoon U S
700 ## - ADDED ENTRY--PERSONAL NAME
Personal name Zoysa L
942 ## - ADDED ENTRY ELEMENTS (KOHA)
Koha item type Journals
Holdings
Withdrawn status Lost status Damaged status Not for loan Home library Current library Shelving location Date acquired Serial Enumeration / chronology Koha item type
      Journals RRII Library RRII Library Botany 01/05/2008 Volume 48, Issue .. Journals